000 00225nam a2200097Ia 4500
001 1195139
005 20250827021742.0
008 250824s9999 xx 000 0 und d
245 0 _aCEMİLE
_cORHA
260 _bEVEREST YAYINLARI
999 _c1195139
_d1195139